The Economic Vampires/ (Record no. 206794)

MARC details
000 -LEADER
fixed length control field 00534nam a22001937a 4500
005 - DATE AND TIME OF LATEST TRANSACTION
control field 20241028114411.0
010 ## - LCCN (DPL NO)
LC control number ENG-142469
020 ## - INTERNATIONAL STANDARD BOOK NUMBER
Terms of availability 299.00
International Standard Book Number 9789393734341
035 ## - SYSTEM CONTROL NUMBER
System control number EN-126001
037 ## - SOURCE OF ACQUISITION
Source of stock number/acquisition DBAD/PUB
082 ## - DEWEY DECIMAL CLASSIFICATION NUMBER
Classification number S
100 ## - MAIN ENTRY--PERSONAL NAME
Personal name Kanguru, Josiah
245 ## - TITLE STATEMENT
Title The Economic Vampires/
Statement of responsibility, etc by Josiah Kanguru
250 ## - EDITION STATEMENT
Edition statement 1
260 ## - PUBLICATION, DISTRIBUTION, ETC. (IMPRINT)
Place of publication, distribution, etc Kolkata
Name of publisher, distributor, etc Exceller Books
Date of publication, distribution, etc 2022
270 ## - ADDRESS
City Kolkata
Address G1, Dream Apartment, Degree College Road, Belgharia
Postal code 700056
300 ## - PHYSICAL DESCRIPTION
Extent 143p.
Dimensions 22cm(pbk)
942 ## - ADDED ENTRY ELEMENTS (KOHA)
Source of classification or shelving scheme Dewey Decimal Classification
Item type English Books
Classification part S
Call number suffix KAN
Holdings
Withdrawn status Lost status Not for loan Collection code Home library Current library Date acquired Source of acquisition Cost, normal purchase price Full call number Barcode Copy number Cost, replacement price Koha item type
      Fiction Bawana Bawana 28/10/2024 DBAD 299.00 S KAN EN-126001 1 299.00 English Books

© Delhi Public Library
Hit Counter
free hit counter